000 01194nas a2200289 c 4500
003 BLK
005 20240507154249.0
008 180413b bul rap|r|||| |0| c1bulo|
010 _aPRD00009078000
040 _aBLK
041 _aBUL
_cBUL
080 _aИздания за деца и юноши. Книжки-картинки. Читанки. Вж и 372.4
_b087.5
_z087.5
110 1 _aРед. кол. : Илия Р. Блъсков (градинар)
_9361532
245 1 0 _aГРАДИНКА
_cРед. кол. : Илия Р. Блъсков (градинар)
_fНачална год. на издаване: Год. 1, № 1 (1874), Крайна год. на издаване: 1875
257 _aBGR
260 _bРед. на спис. Училище
_c1874
_fПеч. на Д. Иванеску
300 _c21
310 _dдни, в които се получава: 0000000
_eсрок за съхранение: 99
380 _a0
852 _aЦб Ст 8871
856 _qpdf
_u
856 _qpdf
_u
942 _cJOU
_n0
_s1
944 _aCR
_cТеодора_Стоянова
_k30546
_lРенета Константинова
944 _aED
_cВаня_Йорданова
_k05.07.2017
999 _c296298
_d296298
999 _d296298